Tirano Banderas /

محفوظ في:
التفاصيل البيبلوغرافية
المؤلف الرئيسي: Valle-Inclán, Ramón del (autor)
مؤلفون آخرون: Quintero, Daniel (voz) (voz)
التنسيق: سمعي
اللغة:الإسبانية
منشور في: Colombia : Audio Libros : Yoyo Libros, 2002, c2002
الموضوعات:
الوسوم: إضافة وسم
لا توجد وسوم, كن أول من يضع وسما على هذه التسجيلة!

MARC

LEADER 00000nim^a2200000^a^4500
001 000174066
005 20250521000000.0
009 20260310101515.35
020 |a 958-43-0195-0 
037 |a Acervo ITESO - Biblioteca 
041 |a SON 
041 |a ESP 
082 |a 863.  |b VAL 
100 |a Valle-Inclán, Ramón del  |e (autor) 
240 1 1 |a [Tirano Banderas] 
245 1 0 |a Tirano Banderas /  |c R. del Valle Inclán ; voz de R. Quintero. 
264 4 |a Colombia :  |b Audio Libros :  |b Yoyo Libros,  |c 2002, c2002 
300 |a 3 discos compactos sonoros (CDs disponibles) 
300 |a 1 audiolibro 
336 |a palabra hablada  |b spw  |2 rdacontenido 
337 |a audio  |b s  |2 rdamedio 
338 |a disco sonoro  |b sd  |2 rdasoporte 
545 0 |a Ramón del Valle-Inclán (Villanueva de Arosa, Pontevedra, 1866 – Santiago de Compostela, 1936), escritor español. Aunque es identificado inicialmente con la corriente modernista y la Generación del 98, su particular trayectoria creativa le lleva a una formulación estética propia: el esperpento, que le distingue entre los escritores europeos de su generación y tiene sus manifestaciones más notables en su obra dramática. Colabora en varias publicaciones y experimenta la censura de la tiranía porfirista durante una estancia en México (1892-93), país al que vuelve como invitado oficial para el festejo del Centenario de la Consumación de la Independencia (1921). Alcanza el reconocimiento con Sonatas (1902-05), ciclo novelístico sobre un Don Juan, al que siguen dos series narrativas de carácter histórico y complementarias entre sí: La Guerra Carlista (1908-09) y El ruedo ibérico (1927-32), relativas respectivamente al conflicto civil español de 1872-1876 y el final del reinado de Isabel II. Su novela más célebre –y para muchos, la mejor- es sin embargo Tirano Banderas (1926), inspirada parcialmente en la figura de Porfirio Díaz, si bien el autor español evita precisar la ubicación de la acción e identificación del personaje y sintetiza, en su lugar, el perfil del dictador latinoamericano. La tragicomedia Divinas palabras (1920) y Luces de bohemia (1920), en la que emplea por primera vez la palabra esperpento en relación con su obra, desputan entre sus creaciones teatrales, varias de ellas incomprendidas en su época y estrenadas hasta muchos años más tarde. Expone una reflexión estética un tanto hermética en La lámpara maravillosa (1916), en tanto recoge en Claves líricas (1930) su obra poética, que refleja la influencia de su querido amigo y fundador del modernismo Rubén Darío. 
649 |a XX 
650 |a Jefes de Estado Mexicanos 
650 |a Políticos Mexicanos 
650 |a Políticos Latinoamericanos 
650 |a Políticos en la Literatura 
650 |a Novela Política 
650 |a Novela Histórica 
650 |a Novela Española 
650 |a Literatura y Política 
650 |a Literatura e Historia 
650 |a Literatura Española -  |y Generación del 98 
650 |a Literatura Española -  |y Siglo XX 
650 |a Dictadura -  |z México -  |x Historia 
650 |a Dictadura -  |z Latinoamérica -  |x Historia 
650 |a Política -  |z México -  |x Historia 
650 |a Política -  |z Latinoamérica -  |x Historia 
650 |a México en la Literatura 
650 |a México -  |x Historia -  |y Porfirismo, 1876-1911 
650 |a México -  |x Historia -  |y República Liberal, 1867-1911 
650 |a México -  |x Historia -  |y Siglo XX 
650 |a Latinoamérica en la Literatura 
650 |a Latinoamérica -  |x Historia -  |y Siglo XX 
650 |a Díaz, Porfirio 
700 |a Quintero, Daniel  |e (voz) 
910 |a Fondo General 
920 |a Sonoros - CDs 
940 |a Literatura 
905 |a 403 
901 |a 0500112492  |b IT2  |c CDS  |u 20250521 
901 |a 0500112495  |b IT2  |c CDS  |u 20250521 
901 |a 0500112498  |b IT2  |c CDS  |u 20250521 
902 |a https://opac.biblio.iteso.mx/vufind/Record/000174066